| 000 | 00359 a2200109 4500 | ||
|---|---|---|---|
| 001 | ART_11664 | ||
| 005 | 20260410161859.0 | ||
| 008 | 260409a | ||
| 245 | 1 | 0 | _aPublic investment criteria, insurance markets, and income taxes |
| 100 | 1 | _aSchmalensee, Richard | |
| 773 | 0 |
_tJournal of public economics _g- Vol. 6, NÂș 4 (nov. 1976) _wREV11485 |
|
| 999 |
_c25715 _d25715 |
||